|
|
|
|
| LEADER |
02056nam a22003853i 4500 |
| 001 |
EBC7015223 |
| 003 |
MiAaPQ |
| 005 |
20231204023225.0 |
| 006 |
m o d | |
| 007 |
cr cnu|||||||| |
| 008 |
231204s2021 xx o ||||0 ger d |
| 020 |
|
|
|a 9783110731378
|q (electronic bk.)
|
| 035 |
|
|
|a (MiAaPQ)EBC7015223
|
| 035 |
|
|
|a (Au-PeEL)EBL7015223
|
| 035 |
|
|
|a (OCoLC)1330934116
|
| 040 |
|
|
|a MiAaPQ
|b eng
|e rda
|e pn
|c MiAaPQ
|d MiAaPQ
|
| 100 |
1 |
|
|a Guhl, Anton.
|
| 245 |
1 |
0 |
|a Inszenierte Geschichte | Staging History :
|b Medialität und Politik Europäischer Hochschuljubiläen Von 1850 Bis Heute | Anniversaries in European Institutions of Higher Learning from 1850 to the Present.
|
| 250 |
|
|
|a 1st ed.
|
| 264 |
|
1 |
|a Berlin/München/Boston :
|b Walter de Gruyter GmbH,
|c 2021.
|
| 264 |
|
4 |
|c {copy}2022.
|
| 300 |
|
|
|a 1 online resource (384 pages)
|
| 336 |
|
|
|a text
|b txt
|2 rdacontent
|
| 337 |
|
|
|a computer
|b c
|2 rdamedia
|
| 338 |
|
|
|a online resource
|b cr
|2 rdacarrier
|
| 490 |
1 |
|
|a Medien der Geschichte Series ;
|v v.5
|
| 520 |
|
|
|a Die Reihe Medien der Geschichte wird herausgegeben von Andreas Körber, Thorsten Logge und Thomas Weber. Sie führt Perspektiven der Geschichts- und Medienwissenschaft sowie der Geschichtsdidaktik zusammen und richtet dabei einen besonderen Fokus auf die Medialität, Performativität und Authentizität unterschiedlicher Geschichtssorten.
|
| 588 |
|
|
|a Description based on publisher supplied metadata and other sources.
|
| 590 |
|
|
|a Electronic reproduction. Ann Arbor, Michigan : ProQuest Ebook Central, 2023. Available via World Wide Web. Access may be limited to ProQuest Ebook Central affiliated libraries.
|
| 655 |
|
4 |
|a Electronic books.
|
| 700 |
1 |
|
|a Hürlimann, Gisela.
|
| 776 |
0 |
8 |
|i Print version:
|a Guhl, Anton
|t Inszenierte Geschichte | Staging History
|d Berlin/München/Boston : Walter de Gruyter GmbH,c2021
|
| 797 |
2 |
|
|a ProQuest (Firm)
|
| 830 |
|
0 |
|a Medien der Geschichte Series
|
| 856 |
4 |
0 |
|u https://ebookcentral.proquest.com/lib/matrademy/detail.action?docID=7015223
|z Click to View
|